Die Entwicklung von KMU in den ländlichen Gebieten Polens / (Rekord nr 10462)
| 000 -ETYKIETA REKORDU | |
|---|---|
| podpole kontrolne o stałej długości | 00859naa a2200157 i 4500 |
| 001 - NUMER KONTROLNY REKORDU | |
| podpole kontrolne | 10462 |
| 003 - IDENTYFIKATOR NUMERU KONTROLNEGO REKORDU | |
| podpole kontrolne | KOSZ 005 |
| 005 - DATA OSTATNIEJ MODYFIKACJI REKORDU | |
| podpole kontrolne | 20180423142558.0 |
| 008 - POLE O STAŁEJ DŁUGOŚCI - DANE KONTROLNE | |
| podpole kontrolne o stałej długości | 180423s2000 pl a f |100 0 pol |
| 040 ## - ŹRÓDŁO KATALOGOWANIA | |
| Instytucja, która sporządziła opis | KOSZ 005/AR |
| Instytucja, która utworzyła rekord | KOSZ 005/AR |
| 100 1# - NAZWA OSOBOWA | |
| Nazwa osobowa | JASIULEWICZ, Michał. |
| Lata pracy | 1996 - . |
| Instytucja | Politechnika Koszalińska - Wydział Ekonomii i Zarządzania, |
| Wydział | Katedra Polityki Społeczno-Gospodarczej i Ekonomiki Regionalnej |
| 245 10 - TYTUŁ/ODPOWIEDZIALNOŚĆ | |
| Tytuł | Die Entwicklung von KMU in den ländlichen Gebieten Polens / |
| Pozostałe elementy strefy tytułu i oznaczenia odpowiedzialności | Michał Jasiulewicz. |
| 655 #0 - TERMIN INDEKSOWY - OKREŚLENIE RODZAJU/FORMY DOKUMENTU | |
| Określnie rodzaju/formy dokumentu | Materiały konferencyjne. |
| 773 0# - TYTUŁ DOKUMENTU MACIERZYSTEGO | |
| Wyrażenie wprowadzające | W : |
| Tytuł | Die Einführung des Euro und Fördermöglichkeiten der Europäischen Union für die mittelständische Wirtschaft : Beiträge zum Seminar / hrsg. Michał Jasiulewicz, Bogusław Polak, Franz Stepanek. - |
| Adres wydawniczy | Koszalin : Wydaw. Uczelniane PK, 2000. - |
| Informacje dotyczące relacji | s. 103-110 |
| ISBN | 8388283480 |
| 942 ## - HASŁO DODATKOWE - ELEMENTY(KOHA) | |
| Schemat klasyfikacji | Uniwersalna klasyfikacja dziesiętna |
| Typ dokumentu | Rozdział |
Brak dostępnych egzemplarzy.
